La vida con Jesús es linda: guía del catequista auxiliar de niños 2

Đã lưu trong:
Chi tiết về thư mục
Tác giả của công ty: Comisión Diocesana de Catequesis de Comodoro Rivadavia (Tác giả)
Định dạng: Sách
Ngôn ngữ:Tiếng Tây Ban Nha
Được phát hành: Buenos Aires PPC 2017
Phiên bản:1a. ed
Loạt:Catequesis Familiar
Những chủ đề:
Các nhãn: Thêm thẻ
Không có thẻ, Là người đầu tiên thẻ bản ghi này!

MARC

LEADER 00000cam a2200000 a 4500
001 UCC3527
003 CL-VaPUC
008 180527e20170000ag |||||||||||||||||spa|d
020 |a 9789877402131 
082 0 4 |a 268.4  |b COM  |2 21 
110 2 |a Comisión Diocesana de Catequesis de Comodoro Rivadavia  |e author  |9 597553 
245 1 0 |a La vida con Jesús es linda: guía del catequista auxiliar de niños 2 
250 |a 1a. ed 
300 |a 99 p 
942 |c BK 
945 |d 20180527 18:33:00  |a dcastane 
260 |a Buenos Aires  |b PPC  |c 2017 
650 7 |a CATEQUESIS FAMILIAR  |2 CL-VaPUC  |9 481682 
650 0 |a Doctrina social de la iglesia  |9 257333 
583 |a last modification  |c 20180527 18:33:00  |k Rodrigo Vera 
490 0 |a Catequesis Familiar 
999 |c 371225  |d 371223 
952 |0 0  |1 0  |3 erb  |4 0  |6 268_400000000000000_COM_2017  |7 0  |8 A  |9 488154  |a BIBTEO  |b BIBTEO  |i 5473012  |o 268.4 COM 2017  |p 5473012  |r 2025-01-17  |w 2019-11-24  |y BK  |z Catalogado en:20180527  |k ICR